| 000 | 00628nam a2200253Ia 4500 | ||
|---|---|---|---|
| 005 | 20250425162752.0 | ||
| 008 | 250425s9999 xx 000 0 und d | ||
| 020 | _a9789978926109 | ||
| 041 | _aspa | ||
| 043 | _aec | ||
| 082 | _a863.69866 | ||
| 100 | _aROJAS, ANGEL FELICISIMO | ||
| 245 | 0 | _aEL EXODO DE YANGANA (TOMO II) | |
| 250 | _a1A ED. | ||
| 260 |
_aEcuador _bMINISTERIO DE CULTURA _c2008 |
||
| 260 | _aQUITO | ||
| 300 | _a415 | ||
| 650 | _aLITERATURA ECUATORIANA | ||
| 650 | _aLITERATURA ECUATORIANA | ||
| 650 | _aNOVELA ECUATORIANA | ||
| 650 | _aNOVELA ECUATORIANA | ||
| 942 | _c01 | ||
| 010 | _a107370 | ||
| 999 |
_c236047 _d236047 |
||